[Event "Oberliga Bayern 0102"]
[Site "Bayern"]
[Date "2002.03.17"]
[Round "7.8"]
[White "Gallecker, Helmut"]
[Black "Bildt, Thomas"]
[Result "1-0"]
[WhiteElo "1955"]
[BlackElo "2030"]
[PlyCount "55"]
[EventDate "2001.10.07"]
[EventType "team"]
[EventRounds "9"]
[EventCountry "GER"]
[SourceTitle "EXT 2003"]
[Source "ChessBase"]
[SourceDate "2002.11.25"]
[SourceVersion "1"]
[SourceVersionDate "2002.11.25"]
[SourceQuality "1"]
[WhiteTeam "Pasing"]
[BlackTeam "Zirndorf"]
[WhiteTeamCountry "GER"]
[BlackTeamCountry "GER"]

1. e4 e5 2. Nf3 Nc6 3. d4 exd4 4. Nxd4 Bc5 5. Nb3 Bb6 6. Be2 Nf6 7. Nc3 d6 8. Bg5 h6 9. Bh4 g5 10. Bg3 Qe7 11. Nd5 Nxd5 12. exd5 Ne5 13. 0-0 Bd7 14. Re1 0-0-0 15. a4 a6 16. a5 Ba7 17. Qd2 f5 18. Bxe5 dxe5 19. c4 e4 20. Qc3 e3 21. c5 c6 22. Bxa6 cxd5 23. Rxe3 Be6 24. Rae1 bxa6 25. Rxe6 Qb7 26. Re7 Qb8 27. Qf6 Qxb3 28. Qxa6+ 1-0

[Event "Regionalliga SW 0102"]
[Site "Bayern"]
[Date "2002.01.20"]
[Round "4.7"]
[White "Gallecker, Helmut"]
[Black "Froehlich, Rainer"]
[Result "0-1"]
[WhiteElo "1955"]
[BlackElo "1930"]
[PlyCount "86"]
[EventDate "2001.10.07"]
[EventType "team"]
[EventRounds "9"]
[EventCountry "GER"]
[SourceTitle "EXT 2003"]
[Source "ChessBase"]
[SourceDate "2002.11.25"]
[SourceVersion "1"]
[SourceVersionDate "2002.11.25"]
[SourceQuality "1"]
[WhiteTeam "Pasing II"]
[BlackTeam "Sonthofen"]
[WhiteTeamCountry "GER"]
[BlackTeamCountry "GER"]

1. e4 c5 2. Nf3 g6 3. d4 Bg7 4. d5 d6 5. Bb5+ Bd7 6. Bxd7+ Nxd7 7. 0-0 Ngf6 8. Qe2 0-0 9. a4 Qc7 10. Na3 a6 11. Bd2 Rfc8 12. c4 Re8 13. Qd3 h6 14. Bc3 Nh5 15. Bxg7 Nxg7 16. Nc2 Rab8 17. Ne3 Nf6 18. Ra3 Qd7 19. Nd2 e5 20. f4 exf4 21. Rxf4 Ngh5 22. Rh4 g5 23. Rxh5 Nxh5 24. Nf5 Nf4 25. Qf3 f6 26. g3 Ng6 27. Nxh6+ Kg7 28. Nf5+ Kf7 29. e5 Rxe5 30. Ne4 Rxe4 31. Qxe4 Re8 32. Qg4 Qd8 33. Rb3 b6 34. a5 b5 35. cxb5 Re1+ 36. Kf2 Qxa5 37. Nxd6+ Kg7 38. Qd7+ Ne7 39. Nf5+ Kf8 40. Rc3 Qa1 41. Qd8+ Kf7 42. Ne3 Rh1 43. Kg2 g4 0-1

[Event "Regionalliga SW 9900"]
[Site "Bayern"]
[Date "2000.??.??"]
[Round "4.7"]
[White "Winterkamp, Stefan"]
[Black "Gallecker, Helmut"]
[Result "1/2-1/2"]
[WhiteElo "1955"]
[BlackElo "1945"]
[PlyCount "111"]
[EventDate "1999.??.??"]
[EventType "team-tourn"]
[EventRounds "9"]
[EventCountry "GER"]
[SourceTitle "EXT 2020"]
[Source "ChessBase"]
[SourceDate "2019.10.17"]
[SourceVersion "1"]
[SourceVersionDate "2019.10.17"]
[SourceQuality "1"]
[WhiteTeam "Klosterlechfeld"]
[BlackTeam "Pasing II"]
[WhiteTeamCountry "GER"]
[BlackTeamCountry "GER"]

1. b3 e5 2. Bb2 Nc6 3. e3 d5 4. Bb5 Bd6 5. f4 Qe7 6. Nf3 f6 7. fxe5 fxe5 8. Bxc6+ bxc6 9. Nxe5 Qh4+ 10. g3 Qh3 11. Qe2 Nf6 12. d3 Ng4 13. Nxg4 Bxg4 14. Qf1 Qh6 15. Kd2 Rf8 16. Qe1 0-0-0 17. Nc3 Rde8 18. h3 Bf3 19. Rg1 Bc5 20. Nd1 d4 21. Kc1 Bxd1 22. Qxd1 Kb7 23. Kb1 dxe3 24. Re1 Qxh3 25. Bxg7 e2 26. Qd2 Rf1 27. Kb2 Qxg3 28. Bc3 Be3 29. Qxe2 Bc1+ 30. Raxc1 Rxe2 31. Rxe2 Rxc1 32. Kxc1 h5 33. Be5 Qg1+ 34. Kd2 h4 35. a4 h3 36. Kc3 Qg4 37. Kd2 c5 38. Kd1 Kc6 39. Bh2 Kd5 40. Bxc7 Qg1+ 41. Kd2 Qg5+ 42. Kd1 Kd4 43. Bh2 Kc3 44. Be5+ Kb4 45. Ke1 Qg1+ 46. Kd2 Ka3 47. Bh2 Qg5+ 48. Ke1 Kb2 49. Kf2 Qg4 50. Ke3 Kc1 51. Bf4 Kd1 52. Rh2 a5 53. Ke4 Ke1 54. Ke3 Kf1 55. Rf2+ Kg1 56. Re2 1/2-1/2